LEADER 00654nam0 2200241 450 001 000012080 005 20080529151626.0 010 $a0395042321 100 $a20080529d1973----km-y0itay50------ba 101 0 $aeng 102 $aUS 105 $ay-------001yy 200 1 $aStatistics$ewith a view toward applications$fLeo Breiman 210 $aBoston$cMifflin$dc1973 215 $aXIV, 399 p.$d25 cm 610 1 $aStatistica 676 $a519.5$v19 700 1$aBreiman,$bLeo$045297 801 0$aIT$bUNIPARTHENOPE$c20080529$gRICA$2UNIMARC 912 $a000012080 951 $a519.5/101$b20603$cNAVA1 996 $aStatistics$91204248 997 $aUNIPARTHENOPE LEADER 01084nam0-2200325---450- 001 990009736620403321 005 20130606125558.0 010 $a978-88-317-9452-7 035 $a000973662 035 $aFED01000973662 035 $a(Aleph)000973662FED01 035 $a000973662 100 $a20130605d2007----km-y0itay50------ba 101 0 $aita 102 $aIT 105 $ay-------001yy 200 1 $aEbraismo, sionismo e antisemitismo nella stampa socialista italiana$edalla fine dell'Ottocento agli anni Sessanta$fa cura di Mario Toscano 210 $aVenezia$cMarsilio$aRoma$cFondazione Modigliani$d2007 215 $aX, 241 p.$d22 cm 225 1 $a<>due libertà 610 0 $aEbraismo$aItalia$aGiudizi della stampa socialista$a1897-1967 676 $a945.004924$v20$zita 702 1$aToscano,$bMario$f<1951- > 801 0$aIT$bUNINA$gREICAT$2UNIMARC 901 $aBK 912 $a990009736620403321 952 $aXIV H 329$b46043$fFSPBC 959 $aFSPBC 996 $aEbraismo, sionismo e antisemitismo nella stampa socialista italiana$9226917 997 $aUNINA LEADER 01033cam0 22002771 450 001 SOBE00045849 005 20201210104231.0 100 $a20150209d2009 |||||ita|0103 ba 101 $aita 102 $aIT 200 1 $a<>statistica e le statistiche$edal dato amministrativo al dato statistico$efonti e strumenti di analisi$fFabrizio Antolini, Francesco Truglia 210 $aMilano$cLED$d2009 215 $a190 p.$d24 cm 225 2 $aScienze Sociali$hManuali 410 1$1001SOBE00043798$12001 $a*Scienze Sociali. Manuali 700 1$aAntolini$b, Fabrizio$3SOBA00010806$4070$0187123 701 1$aTruglia, Francesco$3SOBA00010807$4070$0773614 801 0$aIT$bUNISOB$c20201210$gRICA 850 $aUNISOB 852 $aUNISOB$j310$m165471 912 $aSOBE00045849 940 $aM 102 Monografia moderna SBN 941 $aM 957 $a310$b000035$gSI$d165471$n20150206$racquisto$tV$1menle$2UNISOB$3UNISOB$420150209152302.0$520201210104231.0$6Spinosa 996 $aStatistica e le statistiche$91710511 997 $aUNISOB